Life Satisfaction: Determinants, Psychological Implications and Impact on Quality-of-Life
Salvato in:
| Altri autori: | |
|---|---|
| Natura: | Libro |
| Lingua: | inglese |
| Pubblicazione: |
New York
Nova Publishers
2016
|
| Edizione: | 1st Edition |
| Serie: | Health Psychology Research Focus
|
| Soggetti: | |
| Tags: |
Nessun Tag, puoi essere il primo ad aggiungerne!!
|
MARC
| LEADER | 00000nam a2200000 4500 | ||
|---|---|---|---|
| 001 | 0258990 | ||
| 005 | 20240314123123.5 | ||
| 020 | |a 978-1-63484-803-9 | ||
| 041 | 0 | |a eng | |
| 044 | |a US | ||
| 245 | 1 | 0 | |a Life Satisfaction: Determinants, Psychological Implications and Impact on Quality-of-Life |c Editor: Guillermo Torres |
| 250 | |a 1st Edition | ||
| 264 | 1 | |a New York |b Nova Publishers |c 2016 | |
| 300 | |a [x] s. | ||
| 490 | 1 | |a Health Psychology Research Focus | |
| 830 | 0 | |a Health Psychology Research Focus | |
| 610 | 2 | 0 | |a demografia |
| 610 | 2 | 0 | |a situácia sociálna |
| 610 | 2 | 0 | |a ukazovatele |
| 610 | 2 | 0 | |a psychológia |
| 610 | 2 | 0 | |a populácia |
| 610 | 2 | 0 | |a dôsledky sociálne |
| 610 | 2 | 0 | |a kvalita života |
| 610 | 2 | 0 | |a úroveň životná |
| 610 | 2 | 0 | |a zdravie |
| 700 | 1 | |a Torres, Guillermo | |